[Event "114th New York Masters"]
[Site "New York"]
[Date "2004.08.24"]
[Round "1"]
[White "Arnold, Marc Tyler"]
[Black "Hoffmann, Asa"]
[Result "1-0"]
[WhiteElo "2035"]
[BlackElo "2272"]
[PlyCount "55"]
[EventDate "2004.08.24"]
[SourceDate "2002.01.21"]

1. d4 Nf6 2. c4 d6 3. Nc3 Bf5 4. g3 c6 5. Bg2 Nbd7 6. e4 Bg6 7. Nge2 e5 8. O-O
Be7 9. Kh1 h5 10. h3 Qc7 11. Be3 exd4 12. Nxd4 Nc5 13. f3 a5 14. Nb3 Ne6 15. f4
Bh7 16. f5 Nf8 17. Bf4 b6 18. Nd4 N8d7 19. Nxc6 Qxc6 20. e5 Qxg2+ 21. Kxg2 dxe5
22. Be3 O-O 23. g4 Rad8 24. g5 Ne8 25. Nd5 Bc5 26. Bxc5 Nxc5 27. Ne7+ Kh8 28.
Qxd8 1-0

[Event "116th New York Masters"]
[Site "New York"]
[Date "2004.09.07"]
[Round "2"]
[White "Gustafsson, Jan"]
[Black "Hoffmann, Asa"]
[Result "1-0"]
[WhiteElo "2611"]
[BlackElo "2272"]
[PlyCount "99"]
[EventDate "2004.09.07"]
[SourceDate "2002.01.21"]

1. d4 Nf6 2. c4 c5 3. d5 e5 4. Nc3 d6 5. e4 Be7 6. g3 O-O 7. Bg2 Na6 8. Nge2
Ne8 9. O-O Bd7 10. a3 Nec7 11. f4 Bf6 12. f5 b5 13. b3 bxc4 14. bxc4 Rb8 15. h4
Na8 16. Be3 Qa5 17. Bd2 Qc7 18. Qc2 Nb6 19. Nb5 Qd8 20. Nxa7 Ba4 21. Qd3 Qd7
22. Nc6 Bxc6 23. dxc6 Qxc6 24. Nc3 Nc7 25. a4 Ra8 26. a5 Nc8 27. Nb5 Na6 28.
Kh2 Rd8 29. Rfb1 Ne7 30. Kh3 Qd7 31. g4 g6 32. Kg3 gxf5 33. exf5 e4 34. Bxe4 d5
35. cxd5 Bxa1 36. Rxa1 Nxd5 37. Bg5 Nf6 38. Bxf6 Qxd3+ 39. Bxd3 Rxd3+ 40. Kf4
Rb8 41. Nc3 Rb4+ 42. Kg5 Kf8 43. Re1 Rb8 44. Kh6 Kg8 45. Ne4 Rc8 46. Bg7 f6 47.
Nxf6+ Kf7 48. Nxh7 Rd6+ 49. f6 Kg8 50. g5 1-0

[Event "117th New York Masters"]
[Site "New York"]
[Date "2004.09.14"]
[Round "1"]
[White "Rahman, Ziaur"]
[Black "Yanayt, Eugene"]
[Result "1-0"]
[WhiteElo "2532"]
[BlackElo "2266"]
[PlyCount "69"]
[EventDate "2004.09.07"]
[SourceDate "2002.01.21"]

1. Nf3 Nf6 2. c4 g6 3. Nc3 Bg7 4. e4 d6 5. d4 O-O 6. h3 e5 7. d5 a5 8. Bg5 Na6
9. Be2 Qe8 10. g4 Bd7 11. Nd2 Nc5 12. h4 c6 13. Be3 cxd5 14. exd5 Qc8 15. Rg1
Ne8 16. h5 f5 17. hxg6 hxg6 18. g5 a4 19. Rc1 Nc7 20. f3 Qe8 21. Kf2 Rc8 22.
Qf1 Rb8 23. Rh1 b5 24. cxb5 Nxb5 25. Nc4 Ne4+ 26. Nxe4 fxe4 27. Qg1 Nd4 28. Qh2
Qe7 29. Qh7+ Kf7 30. Rh6 Bf5 31. Bxd4 exd4 32. Nxd6+ Qxd6 33. Rc6 Qxc6 34. dxc6
Rh8 35. Bc4+ 1-0